Educación vial. La primera licencia de conducir : material de trabajo para estudiantes de nivel secundario /
Guardado en:
| Autor Principal: | |
|---|---|
| Autor Corporativo: | |
| Otros Autores: | |
| Formato: | Libro |
| Idioma: | Undetermined |
| Publicado: |
Buenos Aires :
Agencia Nacional de Seguridad Vial,
2011.
|
| Edición: | 1a ed. |
| Materias: | |
| Etiquetas: |
Agregar Etiqueta
Sin Etiquetas, Sea el primero en etiquetar este registro!
|
| LEADER | 01627nam a22001935a 4500 | ||
|---|---|---|---|
| 001 | CEM.cems025238 | ||
| 008 | 260622s2011####ag############000#0#und#d | ||
| 005 | 20260622175324.0 | ||
| 245 | 1 | 0 | |a Educación vial. La primera licencia de conducir : |b material de trabajo para estudiantes de nivel secundario / |c Coordinado por Gabriela Gelber y Fabiola Calcar. |
| 250 | |a 1a ed. | ||
| 260 | |a Buenos Aires : |b Agencia Nacional de Seguridad Vial, |c 2011. | ||
| 300 | |a 208 p. | ||
| 505 | 0 | |a Educación y Ética Ciudadana -- El tránsito y el transporte en situaciones cotidianas -- La circulación existente no es un fenómeno natural -- Vincular derechos y obligaciones -- Accidente y siniestro ¿son lo mismo? -- Los elementos de seguridad del vehículo -- Los elementos de seguridad en los motovehículos -- Mantenimiento del vehículo -- La conducción -- Maniobras básicas de circulación -- Conceptos asociados y principales reglas para la conducción eficiente -- Condiciones psicofísicas del conductor -- Las señales viales -- Reglas, responsabilidades y régimen de sanciones en el tránsito -- Licencia Nacional de Conducir -- Clases de Licencias -- Otorgamiento de la licencia a menores de edad -- Curso teórico-práctico y exámenes -- Los exámenes -- Renovación de licencias -- Argentinos y extranjeros circulando en distintos territorios -- Ley Nacional de Tránsito Nº24.449 | |
| 020 | |a 9789872595692 | ||
| 100 | 1 | |a Gelber, Gabriela; coord. | |
| 110 | 2 | |a Argentina. Ministerio de Educación. | |
| 700 | 1 | |a Calcar, Fabiola; coord. | |
| 653 | |a Educación vial | ||
| 859 | |a CEMS |b BIB. CEMS - 11 de abril |h 370.115 |i G28 |p 30845.26 |t Ej.1 | ||
